000 00618nam a2200229Ia 4500
003 OSt
005 20220928143040.0
006 a|||||r|||| 00| 0
007 ta
008 220927b |||||||| |||| 00| 0 eng d
024 _a20694
037 _cTextual
040 _aSDCL
_cSDCL
_beng
041 _2eng
_aeng
082 _aX:89Q8, N7
100 _aLederer Phillip J Ed.
_9504323
245 0 _aPractice of quality management
260 _c1997
700 _a Karmarkar Uday S Ed.
_9504324
942 _hX:89Q8, N7
_cTEXL
_2CC
999 _c822792
_d822792